000 00501nam a2200217Ia 4500
008 210210b1945 xxu||||| |||| 00| 0 eng d
041 _aeng
082 _a444/496
100 _aMILTON
245 _aClarendon french course part II
_bBased on word frequency
260 _aLondon
_bOxford University Press
_c1945
300 _a160
650 _apart
650 _aII
650 _afrench
650 _acourse
650 _aClarendon
690 _aFrench
700 _aFOX
906 _a006690
999 _c129680
_d129680